Prepare for the worst, plan for the best : (Record no. 541469)
[ view plain ]
| 000 -LEADER | |
|---|---|
| fixed length control field | 01423cam a2200265 a 4500 |
| 020 ## - INTERNATIONAL STANDARD BOOK NUMBER | |
| International Standard Book Number | 0470170913 (cloth) |
| 020 ## - INTERNATIONAL STANDARD BOOK NUMBER | |
| International Standard Book Number | 9780470170915 (cloth) |
| 082 00 - DEWEY DECIMAL CLASSIFICATION NUMBER | |
| Classification number | 658.477 |
| Author Mark | CHI |
| -- | N-02 , P-61 |
| 100 1# - MAIN ENTRY--PERSONAL NAME | |
| Personal name | Childs, Donna R. |
| 9 (RLIN) | 36383 |
| 245 10 - TITLE STATEMENT | |
| Title | Prepare for the worst, plan for the best : |
| Remainder of title | disaster preparedness and recovery for small businesses / |
| Statement of responsibility, etc. | Donna R. Childs. |
| 250 ## - EDITION STATEMENT | |
| Edition statement | 2nd ed. |
| 260 ## - PUBLICATION, DISTRIBUTION, ETC. | |
| Place of publication, distribution, etc. | Hoboken, N.J. : |
| Name of publisher, distributor, etc. | Wiley, |
| Date of publication, distribution, etc. | c2008. |
| 300 ## - PHYSICAL DESCRIPTION | |
| Extent | xix, 219 p. ; |
| Dimensions | 24 cm. |
| 500 ## - GENERAL NOTE | |
| General note | Rev. ed. of: Contingency planning and disaster recovery / Donna R. Childs, Stefan Dietrich. c2002. |
| 505 0# - FORMATTED CONTENTS NOTE | |
| Formatted contents note | Crisis and leviathan -- Yes, you should sweat the small stuff! -- Our roadmap -- Preparing your IT strategy -- Ensuring financial liquidity -- Basic safety practices -- Business mail procedures -- Special needs of the disabled and the elderly -- Give some thought to your pets -- Take five -- IT strategy -- Financial liquidity -- IT strategy -- Financial liquidity. |
| 526 ## - STUDY PROGRAM INFORMATION NOTE | |
| Program name | 0 |
| Interest level | 0 |
| Reading level | 0 |
| Title point value | 658_477000000000000_CHI |
| 650 #0 - SUBJECT ADDED ENTRY--TOPICAL TERM | |
| Topical term or geographic name entry element | Emergency management. |
| 650 #0 - SUBJECT ADDED ENTRY--TOPICAL TERM | |
| Topical term or geographic name entry element | NUST |
| 9 (RLIN) | 6342 |
| 650 #0 - SUBJECT ADDED ENTRY--TOPICAL TERM | |
| Topical term or geographic name entry element | Small business |
| General subdivision | Planning. |
| 9 (RLIN) | 36384 |
| 700 1# - ADDED ENTRY--PERSONAL NAME | |
| Personal name | Childs, Donna R. |
| 9 (RLIN) | 36383 |
| 856 41 - ELECTRONIC LOCATION AND ACCESS | |
| Uniform Resource Identifier | <a href="http://www.loc.gov/catdir/enhancements/fy0827/2007051421-t.html">http://www.loc.gov/catdir/enhancements/fy0827/2007051421-t.html</a> |
| 856 42 - ELECTRONIC LOCATION AND ACCESS | |
| Uniform Resource Identifier | <a href="http://www.loc.gov/catdir/enhancements/fy0827/2007051421-b.html">http://www.loc.gov/catdir/enhancements/fy0827/2007051421-b.html</a> |
| 856 42 - ELECTRONIC LOCATION AND ACCESS | |
| Uniform Resource Identifier | <a href="http://www.loc.gov/catdir/enhancements/fy0827/2007051421-d.html">http://www.loc.gov/catdir/enhancements/fy0827/2007051421-d.html</a> |
| 942 ## - ADDED ENTRY ELEMENTS (KOHA) | |
| Source of classification or shelving scheme | |
| Koha item type | Book |
| Withdrawn status | Lost status | Source of classification or shelving scheme | Damaged status | Not for loan | Permanent Location | Current Location | Shelving location | Date acquired | Total Checkouts | Total Renewals | Full call number | Barcode | Date last seen | Date last checked out | Copy number | Price effective from | Koha item type | Public note |
|---|---|---|---|---|---|---|---|---|---|---|---|---|---|---|---|---|---|---|
| Military College of Engineering (MCE) | Military College of Engineering (MCE) | Reference | 07/30/2013 | 3 | 1 | 658.477 CHI | MCE-47922 | 05/21/2020 | 03/19/2020 | 01 | 03/14/2021 | Book | Original Book |
